Biblioteka Instytutu Północnego w Olsztynie

Widok standardowy Widok MARC

Pozycja Personal Name

Liczba rekordów, w których użyto hasła: 1

001 - Numer kontrolny

  • control field: 39454

003 - Identyfikator numeru kontrolnego

  • control field: NUKAT

005 - Data i czas ostatniej modyfikacji

  • control field: 20260402131430.0

008 - Dane kontrolne kodowane (40 znaków)

  • fixed length control field: 190724n||a|znnaabn |a aaa |c

010 ## - Numer kontrolny Biblioteki Kongresu

  • numer kontrolny LC: n 2019213953

024 7# - OTHER STANDARD IDENTIFIER

  • Standard number or code: 38156856284049600854
  • Source of number or code: viaf

024 7# - OTHER STANDARD IDENTIFIER

  • Standard number or code: 0000000479774833
  • Source of number or code: isni

040 ## - Instytucja sporządzająca rekord

  • inst. przygot. dane do rek. khw: KAT U/MoKu
  • język haseł przedmiotowych/tezaurus: kaba
  • inst. wprow. rek. khw: KAT U/MoKu

043 ## - Kod obszaru geograficznego

  • ISO code: PL

046 ## - Special dates

  • Birth date: 1876
  • Death date: 1930

100 1# - Hasło - nazwa osobowa

  • nazwa osobowa w formie ujednoliconej: Pierzchalski, Stefan
  • daty biograficzne: (1876-1930).

370 ## - Associated place

  • Residence/HQ: Katowice (Polska).
  • Start period: 1920
  • Auth control #: http://nukat.edu.pl/aut/s 94110012
  • Source of term: kaba

370 ## - Associated place

  • Country: Polska.
  • Auth control #: http://nukat.edu.pl/aut/s 94110000
  • Source of term: kaba

372 ## - Field of activity

  • Field: Fotografia.
  • Auth control #: http://nukat.edu.pl/aut/s 94013060
  • Source of term: kaba

374 ## - Occupation

  • Occupation: Fotograficy.
  • Auth control #: http://nukat.edu.pl/aut/s 99083793
  • Source of term: kaba

375 ## - Gender

  • Gender: 1
  • Source of term: iso5218

377 ## - Assoc lang

  • Lang code: pol

670 ## - Źródło informacji

  • źródło informacji: Kronika czasu przełomu / Halina Dudała, Mirosław Węcki. - Warszawa, 2019.
  • gdzie znaleziono informację: Fot. (Urodzony w Biskupicach pod Toruniem Pierzchalski rodzinnie związał się z Górnym Śląskiem, gdzie zamieszkał około 1919 roku. Prowadząc zakład fotograficzny w Katowicach, dokumentował wydarzenia związane z burzliwymi dziejami Górnego Śląska w okresie powstań śląskich i plebiscytu (1919-1921), a później pierwszymi latami istnienia województwa śląskiego w granicach II Rzeczypospolitej)

675 ## - Źródło nie podające informacji

  • wskazanie źródła: BNPol online
Biblioteka Instytutu Północnego, ul. Partyzantów 87, 10-402 Olsztyn, email: biblioteka(at)ip.olsztyn.pl